000 00912nam a2200241Ia 4500
003 GCL
008 140319s9999 xx 000 0 ara d
040 _aGCL /
_cGCL
082 0 4 _aم
_b810.9
_bل ت
100 1 _aلويس شيخو
245 1 0 _aتاريخ الاداب العربية فى القرن التاسع عشر والربع الاول من القرن العشرين /
_cلويس شيخو
260 _a[S.N] :
_bدار المشرق ،
_c1991
300 _a542 ص
490 _aدراسة فى ازمة الخليج
_v0
650 0 4 _aالادب العربى
650 0 4 _aالحضارة العربية الاسلامية - المعارف البحرية
650 0 4 _aالاستشراق والمستشرقون
650 0 4 _aالحضارة الاسلامية
650 0 4 _aالنصارى
650 0 4 _aالادباء العرب
650 0 4 _aالادباء النصارى
942 _2ddc
_cREF
999 _c59263
_d59263